| 000 | 00957nam a22002295a 4500 | ||
|---|---|---|---|
| 999 |
_c27549 _d27520 |
||
| 003 | EG-ScBUE | ||
| 005 | 20190619111055.0 | ||
| 008 | 190619s2017 ua gr 000 0 ara d | ||
| 040 |
_aEG-ScBUE _bara _cEG-ScBUE _dEG-ScBUE |
||
| 082 | 0 | 4 |
_a297 _bإ س ل _222 |
| 245 | 0 | 2 |
_aالإسلام يتحدث عن نفسه / _cإعداد نخبة من شباب أئمة وزارة الأوقاف ؛ إشراف وتقديم محمد مختار جمعة. |
| 260 |
_aالقاهرة : _bوزارة الأوقاف، المجلس الأعلى للشئون الإسلامية، _c2017. |
||
| 300 |
_a203 ص. ؛ _c22 سم. |
||
| 490 | 0 |
_aدراسات إسلامية ؛ _v226 |
|
| 504 | _aيشتمل على إرجاعات ببليوجرافية. | ||
| 541 |
_aMr. Samy El-Masry ; _cDonation ; |
||
| 650 | 7 |
_aالإسلام. _2BUEsh |
|
| 651 | _2BUEsh | ||
| 653 |
_bGGEN _cJune2019 |
||
| 700 | 1 |
_aجمعة، محمد مختار، _eمشرف، _eمقدم. |
|
| 942 | _2ddc | ||